00362nam a2200133Ia 450000500170000000800410001702000150005808200130007310000220008624500230010826000430013130000130017450000410018720250616021835.0240331s9999 xx 000 0 und d a9559052713 bWENa305 aKantha paryeshana 0aWenasaka pathikada aColombobWomen's Research Centrec1995 a425 p ., aBook on Women of Sri Lanka 1986-1995